[Event "RUS-ch 53rd"]
[Site "Samara"]
[Date "2000.06.26"]
[Round "10"]
[White "Dvoirys, Semen I"]
[Black "Lastin, Alexander"]
[Result "1-0"]
[WhiteElo "2591"]
[BlackElo "2510"]
[Annotator "Psakhis,L"]
[PlyCount "61"]
[EventDate "2000.06.03"]
[EventType "swiss"]
[EventRounds "11"]
[EventCountry "RUS"]
[SourceTitle "CBM 078"]
[Source "ChessBase"]
[SourceDate "2000.10.18"]
[SourceVersion "1"]
[SourceVersionDate "2000.10.18"]
[SourceQuality "1"]

1. e4 e6 2. d4 d5 3. e5 c5 4. c3 Qb6 5. Nf3 Nc6 6. a3 {Not the hottest
theoretical line, but one that still presents Black with some problems to
solve.} c4 7. Nbd2 Na5 8. Be2 Bd7 9. Rb1 Ne7 (9... f5 10. O-O Rc8 11. Re1 Nh6
12. Nf1 Nf7 13. Bf4 Be7 14. h4 Nb3 15. Ne3 Ba4 16. Bf1 h6 17. Bh2 g5 18. Nd2
Nxd2 19. Qxd2 g4 20. g3 h5 21. Bg2 Bc6 22. Kh1 Bf8 23. Bg1 Bh6 24. f4 {
Kassebaum,R-Lemanczyk,T/NRW-Liga I 1998/0-1 (40)}) (9... Be7 10. h4 f5 11. exf6
Nxf6 12. Ne5 O-O 13. Ndf3 Qd8 14. h5 Nc6 15. h6 g6 16. Qc2 Nxe5 17. Nxe5 Qe8
18. Bf3 Ba4 19. Qe2 Bd6 20. O-O Nd7 21. Nxd7 Bxd7 22. g3 Qf7 23. Bg4 Rae8 24.
Re1 {Bermejo,L-Perez Cameselle,F/San Sebastian op 2000/1-0 (37)}) 10. g3 $146 {
Strange enough, but this move is already a new one.} (10. Qc2 Ng6 11. g3 Be7
12. b3 cxb3 13. Nxb3 Ba4 14. Nfd2 Nxb3 15. Nxb3 O-O 16. Qa2 Qc7 17. Bd2 Bc6 18.
O-O b6 19. Rfe1 f6 20. exf6 Bxf6 21. f4 Bd7 22. Rbc1 Qd6 23. Be3 Be7 24. a4 Qa3
{Spitz,P-Weisz,J/Paris op 1993/1-0 (44)}) (10. Nf1 f6 11. h4 h5 12. Bf4 O-O-O
13. Ne3 Be8 14. O-O Bg6 15. b4 cxb3 16. Rb2 Nf5 17. c4 Bxa3 18. c5 Qb4 19. Nxf5
Bxf5 20. Bd2 Qa4 21. Qa1 Nc4 $132 {0-1 Haba,P-Shulman,Y/Yerevan olm 1996 (118)}
) (10. O-O $5) 10... Nec6 ({I would prefer} 10... h6 11. h4 O-O-O $13 {with a
complicated position}) 11. O-O Be7 12. Re1 h6 13. h4 Qc7 14. Bf1 a6 (14...
O-O-O $5) 15. h5 b5 16. Nh2 {[%cal Gh2g4,Gg4e3,Gf2f5] White's position is more
elastic - he can either play in the centre (f2-f5) or go for the attack on the
queenside ( b3). Black's chances for initiative are very limited.} O-O-O 17. b3
$5 cxb3 18. Nxb3 Nxb3 19. Qxb3 Na5 20. Qd1 Nc4 21. Ng4 $1 {[%cal Gg4e3]} Qa5 ({
It was very dangerous to play} 21... Bxa3 22. Bxa3 Nxa3 23. Ra1 Nc4 24. Rxa6
$16) 22. Ne3 Bc6 ({It deserves attention} 22... Qxc3 {but any case white's
advantage is obvious after, for example} 23. a4 $1 Qa5 (23... b4 $2 24. Nxc4
dxc4 25. Re3 $18) (23... bxa4 24. Nxc4 dxc4 25. Re3 Qa5 26. Qf3 $18 {[%cal
Rf3b7,Rf3f7]}) 24. axb5 Bxb5 25. Re2 $5 $40 {[%csl Rc8][%cal Ge2c2]}) 23. Qf3 (
23. a4 $5 Nxe3 24. Bxe3 Qxa4 25. Qf3 $16) 23... Qxc3 24. Bb2 $1 {This strong
move decides the game to White's favour literally in few moves.} Nxb2 (24...
Qa5 25. Nxc4 bxc4 26. Qxf7 $18) 25. Rec1 Qxd4 ({After} 25... Qxa3 26. Ra1 Nc4
27. Rxa3 Bxa3 28. Rc2 $18 {[%cal Re3c4,Gf3a3] White not only wins the queen
but continues the dangerous attack.}) 26. Rxc6+ Kd7 (26... Kb7 27. Rc2 Na4 28.
Qxf7 (28. Rc4 $5 Qxe5 29. Rxa4 Rhf8 30. Bxb5 axb5 31. Rxb5+ $18) 28... Rhe8 29.
Rxb5+ $1 axb5 30. Bxb5 $18) 27. Rxa6 Ke8 28. Bxb5+ Kf8 29. Rxe6 $1 $18 {
[%csl Rf8,Rh8] Final blow} Bxa3 30. Ra6 (30. Nf5 $5 Qc5 (30... Qe4 31. Qxa3+
Kg8 32. Ne7+ Kh7 33. Rxb2 Qe1+ 34. Kg2 fxe6 35. Bd3+ $18) 31. Rd6 $1 Rb8 32.
Rd7 $18) 30... Be7 31. Nf5 (31. Nf5 Qc5 32. Nxe7 Qxe7 33. Rxb2) 1-0

[Event "Dallas UTD"]
[Site "Dallas"]
[Date "2004.12.10"]
[Round "4"]
[White "Fernandez, Daniel"]
[Black "Ramirez Alvarez, Alejandro"]
[Result "1-0"]
[WhiteElo "2391"]
[BlackElo "2519"]
[Annotator "Psakhis,L"]
[PlyCount "61"]
[EventDate "2004.12.07"]
[EventType "tourn"]
[EventRounds "9"]
[EventCountry "USA"]
[EventCategory "10"]
[SourceTitle "CBM 105"]
[Source "ChessBase"]
[SourceDate "2005.04.11"]
[SourceVersion "1"]
[SourceVersionDate "2005.04.11"]
[SourceQuality "1"]

1. e4 e6 2. d4 d5 3. e5 c5 4. c3 Nc6 5. Nf3 Bd7 6. Be2 f6 7. O-O Qc7 8. Re1 (8.
Bf4 Nge7 (8... O-O-O 9. Bg3 f5 10. Na3 h6 11. Nb5 Qb6 12. dxc5 Bxc5 13. b4 Be7
14. Bf4 Rf8 15. Be3 Qd8 16. Nxa7+ Nxa7 17. Bxa7 Qc7 18. Qd4 {1-0 Cherniaev,
A-Mason,D/BCF t-ch 0304 2004}) 9. Na3 (9. Bd3 cxd4 10. cxd4 Nb4 11. Nc3 Nxd3
12. Qxd3 Ng6 13. Bg3 Qc4 14. Qxc4 dxc4 15. d5 f5 16. h4 Bb4 17. dxe6 Bxe6 18.
Nb5 O-O-O 19. h5 f4 20. Bh2 Nxe5 21. Nxe5 a6 {1-0 Alekseev,E-Karasev,V/St
Petersburg-ch 2001/ (33)}) (9. Bg3 Nf5 10. exf6 Qb6 11. f7+ Kxf7 12. Qd2 cxd4
13. cxd4 Nfxd4 14. Nc3 Be7 15. Rfe1 Rhf8 16. Nxd4 Nxd4 17. Bg4 Rad8 18. Rad1
Bf6 19. Be5 Bxe5 20. Rxe5 Nc6 21. Rxd5 Bc8 {0-1 Mennella,J-Pruess,D/USA op Los
Angeles 2003/ (64)}) 9... Ng6 10. Bg3 fxe5 11. Nb5 Qb6 12. dxe5 a6 13. Nd6+
Bxd6 14. exd6 Qxb2 15. Rb1 Qxc3 16. Rxb7 c4 17. h4 Rd8 18. h5 Nge5 19. Nxe5
Nxe5 20. Bh4 Rc8 {1-0 Ilfeld,E-Pruess,D/USA op Los Angeles 2003/T(24)}) 8...
O-O-O 9. Na3 (9. Bf4 Nge7 10. Qd2 (10. Bd3 c4 11. Bf1 Ng6 12. Bg3 f5 13. h4 Be7
14. b3 Na5 15. Nbd2 f4 16. Bh2 Rhf8 17. h5 Nh8 18. bxc4 dxc4 19. Qe2 Kb8 20.
Qe4 g5 21. g4 h6 22. Qh7 Rf7 {1/2-1/2 Kristjansson,S-Berg,E/Gausdal GM 2003/ 
(65)}) 10... Ng6 11. Bg3 f5 12. h4 f4 13. Bxf4 Nxf4 14. Qxf4 Be7 15. Nbd2 Rdf8
16. Qg4 Qb6 17. c4 Nxd4 18. Nxd4 cxd4 19. Rac1 Kd8 20. cxd5 exd5 21. Qg3 Be6 {
1-0 Jonkman,H-Michielsen,J/Hoogeveen op 2004/ (25)}) 9... fxe5 (9... a6 10.
dxc5 fxe5 11. b4 e4 12. Nd4 e5 13. Nxc6 Bxc6 14. Be3 Nf6 15. Rb1 Be7 16. b5
axb5 17. Nxb5 Qa5 18. Rb4 d4 19. Ra4 dxe3 20. Rxa5 Rxd1 21. Ra8+ Kd7 22. Rxd1+
Ke6 23. Rxh8 Bxc5 24. fxe3 {Erenburg,S-Zhukova,N/ACP preliminary2 2004/
ChessBase/1-0}) 10. Nb5 Qb6 11. dxe5 Nh6 $146 (11... a6 12. Nd6+ Bxd6 13. exd6
Nf6 14. Rb1 Ne4 15. Ng5 Nxc3 16. bxc3 Qxb1 17. Nf7 Qxa2 18. Nxh8 Rxh8 19. Bg4
d4 20. Qf3 Qd5 21. Qf7 Re8 22. Qxe8+ Bxe8 23. Bxe6+ Qxe6 24. Rxe6 Kd7 25. Re1
dxc3 26. Ba3 {Klings,P-Fischer,J/Oberliga Ost-B 1999/EXT 2002/0-1 (32)}) 12. b4
$5 {White open files on the queen-side, where he has more pieces for attack.} (
{Worthy of consideration and} 12. c4 $5) 12... cxb4 (12... c4 $2 13. a4 {
[%cal Ch6g4,Cg4f2,Rc1e3]} Ng4 (13... Nf5 14. g4 a6 15. gxf5 axb5 16. Be3 Qa6
17. axb5 Qxb5 18. Nd4 $1 Nxd4 19. Qxd4 $18) 14. Nfd4 Nxd4 15. Bxg4 Nxb5 16.
axb5 Bxb5 17. Be3 $16) (12... Nf5 $5 13. a4 $36) 13. Be3 Qa5 (13... Bc5 14.
Bxc5 Qxc5 15. cxb4 Qe7 (15... Qxb4 16. Rb1 {[%cal Ob1b4,Rb5d6]}) 16. Nbd4 $16)
14. cxb4 (14. Bg5 $5 Re8 (14... bxc3 15. Bxd8 Kxd8 16. Rc1 $16) 15. Bxh6 gxh6
16. c4 $5 a6 17. Nbd4 $40) 14... Bxb4 $8 15. Qb3 {[%cal Ch6f5,Cb4e1,Re1b1]} Nf5
$8 16. Nxa7+ $6 (16. Reb1 $142 Nxe3 17. Qxe3 Be8 (17... a6 18. a3 $5 Be7 19.
Nd6+ Bxd6 20. exd6 {[%csl Rc8]}) 18. Nfd4 $40) 16... Kb8 $2 {I dare say this
is the major cause of Black's defeat.} (16... Nxa7 $142 17. Reb1 Nxe3 18. fxe3
Qa3 (18... Nc6 19. a3) 19. Qxb4 Qxb4 20. Rxb4 $14) 17. Reb1 Nxe3 18. Nxc6+ Bxc6
19. fxe3 (19. Nd4 $5 Ba4 20. Qxe3 Bc3 21. Nxe6 Rde8 22. Nc5 {with strong
attack.}) 19... Bc3 20. Nd4 $1 Bxd4 $6 {This exchange only consolidates
opponent's pawn chain} (20... Qc5 $142 21. Nxc6+ (21. Rc1 Bxd4 22. Rxc5 (22.
exd4 Qxd4+ 23. Kh1 Qxe5 24. Rab1 Qc7 25. Bb5 Rd6 $1) 22... Bxc5 23. a4 $36)
21... Qxc6 22. Rc1 Rc8 23. Rab1 {[%cal Rc1c3]} Rc7 $8 24. Kh1 $14) 21. exd4
Rhf8 $2 ({After correct} 21... Qd2 $1 22. Qd3 $5 (22. Qb6 Qxe2 23. Qxc6 Qe3+
24. Kh1 Qe1+ $1 25. Rxe1 bxc6 $14) 22... Qxd3 23. Bxd3 $14 {Black could
probably hold the position with accurate defence.}) 22. Qc2 (22. Qe3 $5) 22...
Qa4 $6 (22... Rc8 23. Bg4 $16) 23. Qc5 {[%csl Ra4,Rb8] White has got an
excellent attacking chances while Black still has no real counter play.} Rf4 {
Overlooking opponent's reply.} (23... Rc8 24. Rb4 Qa7 25. Rb6 $5 $18) 24. Rb4
$1 $18 Qa7 {A sad necessity - the Queen ends its tour on a rather poor place.}
25. Qxc6 Rxd4 26. Rb6 $1 Rb4 (26... Ka8 27. Qc7) 27. Bb5 $8 Ka8 28. Qc7 (28. a4
$5 {[%cal Ga4a6]}) 28... Rb8 29. Kh1 Rb2 (29... Qa5 30. Ra6+ $1 Qxa6 31. Bxa6
bxa6 32. h3) 30. a4 d4 31. a5 1-0

[Event "RUS-ch 54th"]
[Site "Elista"]
[Date "2001.05.03"]
[Round "4"]
[White "Feoktistov, Alexey A"]
[Black "Riazantsev, Alexander"]
[Result "0-1"]
[WhiteElo "2375"]
[BlackElo "2510"]
[Annotator "Psakhis,L"]
[PlyCount "64"]
[EventDate "2001.04.29"]
[EventType "swiss"]
[EventRounds "9"]
[EventCountry "RUS"]
[SourceTitle "CBM 083"]
[Source "ChessBase"]
[SourceDate "2001.07.05"]
[SourceVersion "1"]
[SourceVersionDate "2001.07.05"]
[SourceQuality "1"]

1. e4 e6 2. d4 d5 3. e5 c5 4. c3 Nc6 5. Nf3 Bd7 6. Be2 cxd4 7. cxd4 Nge7 8. O-O
Nf5 9. Nc3 Be7 10. g4 $5 (10. a3 Rc8 11. Bf4 g5 $1 12. Be3 g4 13. Ne1 h5 14.
Nc2 f6 15. exf6 Bxf6 16. Bd3 Nce7 17. Qd2 O-O $15 {0-1 Kamsky,G-Kasparov,G/New
York exh 1989 (107)}) 10... Nh4 11. Nxh4 Bxh4 12. f4 {Quite rare move. As
usual white played in this position} (12. Be3 $5 {with possible continuation}
O-O 13. f4 f6 14. exf6 Bxf6 15. Rc1 g6 16. Qd2 Bg7 17. Bf3 Qa5 18. Bg2 Kh8 19.
Kh1 Rac8 20. h3 $14 {1-0 Nunn,J-Anand,V/Munchen 1991/Inf 51/ (40) but, to be
honest, I can't find any difference between this moves.}) 12... Be7 13. Be3 f6
$146 (13... Na5 14. Rc1 h5 15. gxh5 Nc4 16. Bxc4 dxc4 17. d5 exd5 18. Nxd5 Bc6
19. Nxe7 Qxe7 20. Qg4 Qe6 $1 {Malada,V-Zaja,I/Umag op 2000/ 0-1 (80)}) 14. Bd3
({I would prefer} 14. exf6 $5 Bxf6 15. Qd2 O-O 16. Rad1 {[%csl Gd4] with
chances fore some advantage.}) 14... fxe5 (14... O-O $142) 15. fxe5 Bg5 {
Risky move!} 16. Bf2 $6 {Why?} ({It will be not so easy to find satisfactory
defence for Black after natural and strong} 16. Qf3 $1 Bxe3+ 17. Qxe3 Qh4 18.
Nb5 $40 {with strong attack.}) 16... O-O 17. Qc2 h6 $15 {[%csl Rd4,Rg4,Gg5]
Black managed to fulfil development and can pretend already for some advantage,
thanks to weak white's pawns.} 18. Kh1 Qe7 19. a3 (19. Bg1 $142) 19... Rf3 20.
Bg1 Raf8 21. Qe2 ({Worth considering} 21. Rxf3 $5 Rxf3 22. Rf1 Qf8 23. Qd1)
21... R3f4 {[%csl Rd4]} 22. Rad1 Rxf1 23. Rxf1 Rxf1 24. Qxf1 Qf7 25. Qd1 ({
More chances for successful defence White could get after queens exchange -} 
25. Qxf7+ $142 Kxf7 26. Kg2 Na5 $5 $15 (26... Bc1 27. Nd1 Na5 $140 28. Be3))
25... Qf4 26. Nb5 $2 {[%mdl 8192] Blunder in already dangerouse position.} (26.
h3 $142 $5 Qg3 27. Bf1 {[%cal Gd1d3]}) 26... Nxe5 $1 {[%csl Rh1]} 27. dxe5 Bxb5
28. Bxa7 (28. Bxb5 $2 Qe4+) 28... Bxd3 29. Qxd3 Qc1+ (29... Qxe5 30. Bd4 Qf4
$19 {wins as easy as move in text.}) 30. Bg1 Qxb2 $19 {[%csl Ra3,Re5,Rh1]} 31.
Qg3 Qe2 32. Bf2 (32. h4 Qe4+ 33. Qg2 Qxg2+ 34. Kxg2 Bxh4) 32... Bh4 $1 {
Final blow.} 0-1

[Event "EU-chT (Men) 12th"]
[Site "Batumi"]
[Date "1999.12.04"]
[Round "6.1"]
[White "Short, Nigel D"]
[Black "Lputian, Smbat G"]
[Result "1/2-1/2"]
[WhiteElo "2675"]
[BlackElo "2625"]
[Annotator "Psakhis,L"]
[PlyCount "139"]
[EventDate "1999.11.06"]
[EventType "team-swiss"]
[EventRounds "9"]
[EventCountry "GEO"]
[SourceTitle "CBM 074"]
[Source "ChessBase"]
[SourceDate "2000.02.01"]
[SourceVersion "1"]
[SourceVersionDate "2000.02.01"]
[SourceQuality "1"]
[WhiteTeam "England"]
[BlackTeam "Armenia"]
[WhiteTeamCountry "ENG"]
[BlackTeamCountry "ARM"]

1. e4 e6 2. d4 d5 3. e5 {New ( late ) love of Nigel Short-before he played,
and with success, 3.Nc3.} c5 4. c3 Nc6 5. Nf3 Qb6 6. a3 Nh6 7. b4 cxd4 8. cxd4
Nf5 9. Bb2 Bd7 10. g4 (10. Nc3 Nfxd4 11. Nxd4 Qxd4 12. Qxd4 Nxd4 13. Nxd5 Nc2+
14. Kd2 Rc8 15. Rc1 Nxa3 $1 16. Nc7+ Kd8 17. Nxe6+ Bxe6 18. Bxa3 Rxc1 19. Kxc1
a5 {0-1 Donev,I-Gaertner,G/AUT t-ch Voralberg 1997 (42) leads to great game
for Black.}) 10... Nh6 (10... Nfe7 {could be valuble alternative, for example.}
11. Nc3 h5 12. Na4 Qd8 13. Nc5 Bc8 14. g5 b6 15. Na6 Nb8 16. Rc1 Bxa6 17. Bxa6
Nxa6 18. Qa4+ Qd7 19. Qxa6 Ng6 20. Rc3 Be7 21. O-O O-O {0-1 Flores,D-Vallejo
Pons,F/WCh B18 Oropesa del Mar 1999 (28)}) 11. Rg1 (11. h3 f6 12. Nc3 fxe5 13.
dxe5 Be7 14. Na4 Qd8 15. Rc1 O-O 16. Nc5 Bxc5 17. Rxc5 Nf7 18. Bg2 b6 19. Rc1
Ne7 20. Qd2 Ng6 21. h4 Nh6 22. g5 Ng4 {0-1 Sveshnikov,E-Lputian,S/Sochi m 1993
(32)}) 11... f6 12. exf6 gxf6 13. Nc3 (13. g5 fxg5 14. Rxg5 Be7 15. Rg1 Nf5 16.
Nc3 Ncxd4 17. Nxd5 exd5 18. Nxd4 Bf6 19. Qe2+ Kf7 20. Nxf5 Bxf5 21. Qh5+ Bg6
22. Qxd5+ Kg7 23. Qd7+ Kf8 24. Qd2 Qe6+ 25. Be2 Rd8 26. Qf4 Kg7 27. Bxf6+ Qxf6
{Garbisu de Goni,U-Del Rio Angelis,S/ESP-ch Palencia 1999/1/2-1/2 (42)}) 13...
Nf7 14. Na4 Qc7 $146 {Improvment compare to} (14... Qd8 15. Nc5 b6 16. Nxd7
Qxd7 17. Rc1 Ncd8 18. h4 $1 Bd6 19. Rc3 b5 20. g5 fxg5 21. Nxg5 a6 22. Qc2 Nxg5
23. Rxg5 Qe7 {1-0 Vasiukov,E-Bukhman,E/S-Peterburg op 1994 (30)}) 15. Rc1 Qf4
16. Nc5 Bxc5 17. dxc5 ({Deserves attention and} 17. Rxc5 $5 Nd6 (17... e5 18.
dxe5 (18. Rxd5 $4 Qe4+ $19) 18... Bxg4 19. Be2 fxe5 20. Qxd5 Rd8 21. Qc4 $36)
18. Bc1 Qe4+ 19. Be3 Qg6 20. Bd3 Qf7 $13) 17... Nce5 18. Nxe5 Nxe5 19. Rg3 $1
$14 {[%csl Gb2,Gf1,Gg3] Finlally becames clear, what White kept opening
advantage.} a6 {[%cal Gd7b5]} 20. Be2 Bb5 21. Qd4 $1 Qxd4 22. Bxd4 {[%csl Gd4]
[%cal Rg4g5]} Rf8 23. g5 Bxe2 24. Kxe2 Nd7 25. gxf6 e5 26. Bb2 ({After simple} 
26. Bxe5 $1 Nxe5 27. Re3 Kd7 28. Rxe5 Rae8 29. f4 Rxf6 (29... Rxe5+ 30. fxe5
Ke6 (30... Re8 31. Rf1 Rxe5+ 32. Kd3 $18) 31. c6 $18) 30. Rxe8 Kxe8 31. Ke3 $16
{it is difficult to believe, that Black can save game.}) 26... Rxf6 27. Rg8+
Rf8 28. Rxf8+ Kxf8 29. Rd1 d4 30. f4 $1 a5 $1 31. fxe5 axb4 32. axb4 Ra2 33.
Rd2 Nxe5 34. Bxd4 Rxd2+ 35. Kxd2 {[%mdl 4096]} Nf3+ 36. Kc3 (36. Ke3 Nxh2 37.
b5 Ke7 38. c6 bxc6 39. b6 Kd8 40. Be5 $2 Ng4+) 36... Ke7 ({Pawn on h2 is
poisoned-} 36... Nxh2 $2 37. b5 Ke8 38. c6 b6 (38... bxc6 39. b6 Kd7 40. Be5 $1
Kc8 41. Bxh2 $18) 39. Bxb6 $18) 37. h3 (37. b5 Kd7) 37... Ng5 38. h4 Nf3 39. h5
Nh4 40. Kd3 (40. Kc4 $5) 40... Nf5 41. Be5 Ke6 42. Ke4 Ne7 43. b5 Nc8 {[%cal
Gc8a7]} 44. Bb8 (44. c6 bxc6 (44... b6 $5) 45. bxc6 Ne7 46. c7 Kd7 47. Bh2)
44... Ne7 45. c6 bxc6 46. b6 Nd5 47. b7 Nf6+ 48. Kf3 (48. Kf4 Nxh5+ 49. Kf3 Nf6
$11) 48... Nd7 49. Bc7 Kf5 50. Bf4 c5 51. Bd6 c4 52. Ke3 Ke6 $1 (52... Kg5 53.
Kd4 Kxh5 54. Kxc4 $18) 53. Bg3 (53. b8=Q Nxb8 54. Bxb8 Kf5 55. h6 c3 56. Bd6 c2
57. Kd2 Ke6 58. Ba3 Kf7 59. Kxc2 Kg8 $11) 53... c3 $1 54. Be1 c2 55. Kd2 Kd5
56. Bg3 (56. Kxc2 Kc6 $11) 56... Kc6 57. b8=Q Nxb8 58. Bxb8 Kd5 $11 59. Kxc2
Ke4 {[%cal Rh7h6]} 60. h6 Kf5 61. Ba7 Kg6 62. Be3 Kf7 63. Kd3 Kg8 64. Ke4 Kf8
65. Kf5 Kf7 66. Bd4 Kg8 67. Kf6 Kf8 68. Bc5+ Kg8 69. Ke7 Kh8 70. Kf8 1/2-1/2

[Event "Asia-ch"]
[Site "Kolkata"]
[Date "2001.08.11"]
[Round "3"]
[White "Reefat, Bin Sattar"]
[Black "Yu, Shaoteng"]
[Result "1-0"]
[WhiteElo "2444"]
[BlackElo "2517"]
[Annotator "Psakhis,L"]
[PlyCount "61"]
[EventDate "2001.08.09"]
[EventType "swiss"]
[EventRounds "11"]
[EventCountry "IND"]
[SourceTitle "CBM 085"]
[Source "ChessBase"]
[SourceDate "2001.11.13"]
[SourceVersion "1"]
[SourceVersionDate "2001.11.13"]
[SourceQuality "1"]

1. e4 e6 2. d4 d5 3. e5 c5 4. c3 Nc6 5. Nf3 Nge7 6. a3 cxd4 (6... a5 $5 7. Bd3
cxd4 8. cxd4 Nf5 9. Be3 Be7 10. Nc3 O-O 11. O-O Nxe3 12. fxe3 f5 13. exf6 Bxf6
14. Qc2 h6 15. Rf2 Bd7 $13 {0-1 Lykov,V-Nikitin,A/Krasnoiarsk op 1998 (35)}) 7.
cxd4 Nf5 8. Nc3 Bd7 (8... h5 9. Be3 Be7 10. Bd3 g5 11. h3 Nxe3 12. fxe3 Rg8 13.
Bh7 Rh8 14. Bd3 Rg8 15. Bh7 Rh8 16. Bd3 {1/2-1/2 Casper,T-Rosiak,A/
Karl-Marx-Stadt 1990 (16)}) (8... Be7 9. g4 Nh4 10. Nxh4 Bxh4 11. g5 Bxg5 12.
Rg1 Bxc1 13. Rxc1 Qh4 14. Rg4 Qxh2 15. Rxg7 Nxd4 16. Qxd4 Qh6 17. Bb5+ Kf8 18.
Rg3 Qxc1+ 19. Ke2 Bd7 20. Qb4+ Ke8 21. Bxd7+ {1-0 Herrstrom,T-Åstrom,G/SWE
t-ch 0001 2001/SWE (21)}) 9. h4 $5 $146 {[%mdl 8]} (9. Be3 Be7 10. Bd3 Qa5 11.
O-O Nxe3 12. fxe3 f5 13. exf6 Bxf6 14. b4 Qd8 15. Rc1 O-O 16. Bb1 Be8 17. Ne2
Qd6 18. Nf4 g6 19. Nd3 Ne7 20. Nde5 Bb5 21. Bd3 Bxd3 22. Qxd3 a6 23. Rc2 Bxe5 {
Thompson,D-Noren,K/Detroit ch-MI 1991/Vaiser/1-0 (52)}) 9... h5 (9... Be7 $5)
10. Bg5 Be7 (10... Qb6 11. Na4 Qc7 12. Rc1 $36) 11. Bxe7 Ncxe7 12. Qd2 $14 {
[%csl Gd4,Ge5,Gf1] White's chances are better.He controles more space, and
white;s bishop much stronger than his black opponent.} Qb6 13. Be2 O-O-O (13...
O-O $5) 14. O-O Kb8 15. b4 $36 {[%csl Rb8][%cal Gf1b1,Ga3a4] Reefat slowly but
surely improve his position and black's main problem is lack of counterplay.}
Rc8 16. Rac1 Ng6 $5 (16... Rc7 17. Rc2 Rhc8 18. Rfc1 $14) 17. g3 f6 18. Bd3 $6
({I would prefer safe} 18. Rfd1 {and after , for example} fxe5 $140 19. Nxe5
Nxe5 20. Qf4 $14 {[%csl Rh5] Black doomed for long defence}) 18... Nxd4 $2 {
[%mdl 8192] Just lose knight without too much compensation.Black had to play} (
18... Ngxh4 $142 $1 19. gxh4 Nxd4 $132 {with complications}) 19. Nxd4 Qxd4 20.
Ne2 $1 Qxe5 (20... Qg4 {lose as well -} 21. f3 Qh3 22. Bxg6 Bb5 23. Bd3 Bxd3
24. Qxd3 fxe5 25. Qg6 $1 $18) 21. Rxc8+ Bxc8 22. Bxg6 $18 Qd6 {[%cal Ge6e5]}
23. Rd1 Bd7 (23... f5 $5) 24. Nf4 Bc6 25. Qe2 $1 {Rest is simple - Black can;t
protect weak pawn;s} Rh6 (25... e5 26. Nxd5 Bxd5 27. Bf7 $1 (27. Be4 $6 Bc4 $1)
) 26. Bf7 Ba4 27. Rd2 Qc7 28. Bxe6 g5 29. Nxd5 Qc1+ 30. Kh2 gxh4 31. Qe3 1-0

[Event "RUS-ch 54th"]
[Site "Elista"]
[Date "2001.05.04"]
[Round "5"]
[White "Dvoirys, Semen I"]
[Black "Zakharevich, Igor"]
[Result "1-0"]
[WhiteElo "2568"]
[BlackElo "2487"]
[Annotator "Psakhis,L"]
[PlyCount "63"]
[EventDate "2001.04.29"]
[EventType "swiss"]
[EventRounds "9"]
[EventCountry "RUS"]
[SourceTitle "CBM 083"]
[Source "ChessBase"]
[SourceDate "2001.07.05"]
[SourceVersion "1"]
[SourceVersionDate "2001.07.05"]
[SourceQuality "1"]

1. e4 e6 2. d4 d5 3. e5 c5 4. c3 Nc6 5. Nf3 Bd7 6. Be2 Nge7 7. Na3 cxd4 8. cxd4
Nf5 9. Nc2 Be7 (9... Qa5+ 10. Bd2 Qb6 11. Bc3 Be7 12. O-O a5 13. Ne3 Nxe3 14.
fxe3 O-O 15. Bd3 Nb4 16. Bb1 a4 17. a3 Nc6 18. Qe1 $14 {1-0 Galdunts,S-Bricard,
E/Bischwiller-A 1999/EXT 2001 (27)}) ({More popular than text} 9... Nb4 $5 {
with good chances for equalization. for example.} 10. Nxb4 Bxb4+ 11. Bd2 Qb6
12. Bxb4 Qxb4+ 13. Qd2 Qxd2+ 14. Kxd2 Ne7 $1 15. Rac1 Nc6 16. Ke3 f6 17. Bb5
Nb4 18. a3 Bxb5 19. axb4 Kd7 $11 {1/2-1/2 Popov,R-Morozevich,A/Krasnodar op
1997 (61)}) 10. O-O ({Worth considering} 10. g4 $5 Nh4 11. Nxh4 Bxh4 12. O-O f5
13. f4 fxg4 14. Bxg4 O-O 15. b3 Rc8 16. Ne3 Qb6 17. Bb2 Ne7 18. Bh3 Rf7 19. Qh5
Ng6 20. f5 $36 {1/2-1/2 Sveshnikov,E-Karer,G/Nova Gorica op 1999 (41)}) 10...
g5 $146 {Risky but interesting move.} (10... f6 11. g4 Nh6 12. Bxh6 gxh6 13.
Qd2 $16) (10... Rc8 $5) (10... O-O $5) 11. g4 (11. Ne3 $5) 11... Ng7 {[%csl
Rg7]} (11... Nh6 $5 12. h3 f6 {[%cal Gh6f7]}) 12. b4 a6 13. Rb1 f5 $5 (13... h5
14. h3) 14. exf6 (14. gxf5 $2 Nxf5 $15) 14... Bxf6 15. a4 h6 (15... h5 $5 16.
h3 hxg4 17. hxg4 Ne7 18. b5 axb5 19. Bxb5 Bxb5 20. Rxb5 Qc7 $13) 16. Nce1 {
[%cal Ge1d3,Gd3e5,Gd3c5]} O-O 17. Be3 Be8 $1 {[%cal Ge8g6]} 18. Nd3 Bg6 19. Rb3
(19. b5 axb5 20. axb5 Ne7 $13) 19... Qd6 20. Qd2 (20. Nc5 Rf7) 20... Be4 {
[%csl Rd4] Black got quite nice position.} 21. Nde5 $1 {Only move!} (21. Nc5
Bxf3 22. Bxf3 b6 {[%csl Rd4]}) 21... Rfc8 (21... Nxe5 $2 22. dxe5 Bxe5 23. Bc5
{[%cal Rc5f8]}) 22. Bd3 Rc7 23. Bb1 Bxb1 $6 ({It will be interesting to see
how Dvoirys will improve position after} 23... Rac8 $13) 24. Rfxb1 Bxe5 (24...
Rac8) 25. dxe5 Nxe5 26. Bc5 $1 Nxf3+ 27. Rxf3 Qd7 28. h4 {[%csl Gc5,Gf3,Rg7,
Rg8]} e5 (28... b6 $142 $1 29. Bd4 (29. Bxb6 Rc4 30. Bd4 $140 e5 $1) 29... e5
$5 30. Bxe5 Rc4 31. hxg5 Rxg4+ 32. Rg3 hxg5 33. Rbb3 $1 $16 {[%cal Gb3g3] This
rook lift allows White to create concrete threats in the near future.}) 29.
hxg5 hxg5 ({Maybe} 29... h5 $5 {could give more chances for Balck for
successful defense.}) 30. Qxg5 b6 (30... e4 31. Rf6 $5 Rc6 32. Rf5 d4 33. Re5 {
[%cal Re5e7,Ge5e4]} Re8 34. Bxd4 $18) 31. Bxb6 Rc4 32. Rg3 $18 {Black's
position is very bad, but possibly he resign little bit too early.} 1-0